Zavedenie eura - zhodnotenie procesu diplomová práca

Uložené v:
Podrobná bibliografia
Hlavný autor: Krajčíková, Lucia
Korporativný autor: Obchodná fakulta EU. Katedra služieb a cestovného ruchu - zrušené
Ďalší autori: Strážovská, Helena
Médium: Kniha
Jazyk:Slovak
Vydavateľské údaje: Bratislava 2010
Tagy: Pridať tag
Žiadne tagy, Buďte prvý, kto otaguje tento záznam!

MARC

LEADER 00000nam$a2200000$$$4500
001 0118585
005 20240318123951.6
041 0 |a slo 
044 |a SK 
245 1 0 |a Zavedenie eura - zhodnotenie procesu  |b diplomová práca  |c Lucia Krajčíková ; škol. Helena Strážovská 
264 1 |a Bratislava  |c 2010 
300 |a 66 s. 
100 1 |a Krajčíková, Lucia 
700 1 |a Strážovská, Helena 
710 2 |a Obchodná fakulta EU. Katedra služieb a cestovného ruchu - zrušené